000 00558nam a22001817a 4500
999 _c191857
_d191857
005 20220906101905.0
010 _aENG-134929
020 _a9789350570463
_c1395.00
035 _aEN-118461
037 _bDBAD/PUB
082 _a641.5
100 _aAgarwaal, Radhicka
245 _aThe Daily Gourment Cookbook/
_cRadhicka Agarwaal
260 _aNew Delhi
_bV& S Publishers
_c2013
270 _aF-2/16, Ansari Road, Daryaganj
_bNew Delhi
_e110002
_minfo@vspublishers.com
300 _a188p.
_bIndex
_c29cm(hb)
942 _2ddc
_cEN
_h641.5
_mAGA